عرض عادي
عرض مارك
- مايكروسوفت أكسس
مدخل مصطلح موضوعي
001 - رقم الضبط
- حقل الضبط: 3395
003 - معرف رقم الضبط
- حقل الضبط: OSt
005 - تاريخ ووقت أخر عملية
- حقل الضبط: 20110827105208.0
008 - عناصر بيانات ثابتة الطول
- حقل تحكم ثابت الطول: 110827|||a|||||| | ||| d
040 ## - مصدر الفهرسة
- هيئة الفهرسة الأصلية: OSt
- وكالة الكتابة: OSt
150 ## - مدخل-- مصطلح تاريخي
- عنصر مدخل المصطلح الموضوعي او الاسم الجغرافي: مايكروسوفت أكسس
670 ## - بيانات المصدر موجوده
- الاستشهاد بالمصدر: Work cat.: (OSt): كوكس، جويس. 3186, Microsoft Access 2010 خطوة خطوة /, 2010 م.
